Corpo, umano /

Saved in:
Bibliografiske detaljer
Hovedforfatter: Lingiardi, Vittorio (Author)
Format: Bog
Sprog:italiensk
Udgivet: Torino : Einaudi, ©2024
Serier:Frontiere Einaudi
Fag:
Tags: Tilføj Tag
Ingen Tags, Vær først til at tagge denne postø!

MARC

LEADER 00000nam a2200000 i 4500
001 IT\ICCU\BMT\0043085
003 ItRI
005 20260115232043.0
008 241030s2024 it |||||| ||||| |||||c
015 |2 IT  |a 2024-10849 
020 |a 9788806265052 
040 |b ita  |c importazione bologna sebina 
041 7 |a ita  |2 ISO-639-2 
082 |a 306.4  |9 ASPETTI SPECIFICI DELLA CULTURA  |2 23 
100 1 |a Lingiardi, Vittorio  |0 IT\ICCU\RAVV\056499  |4 aut 
240 1 0 |a Corpo, umano  |3 IT\ICCU\BMT\0043086  |9 Lingiardi, Vittorio 
245 1 0 |a Corpo, umano /  |c Vittorio Lingiardi. 
260 |a Torino :  |b Einaudi,  |c ©2024 
300 |a 282 p. :  |b ill. ;  |c 23 cm 
650 7 |a Corpo umano  |x Concezione 
830 0 |a Frontiere Einaudi  |0 IT\ICCU\UBO\3562224 
942 |2 ddc  |c BK  |n 0 
952 |0 0  |1 0  |4 0  |6 DOC_128_600000000000000_LIN  |7 0  |9 19240  |a BO  |b BO  |d 2026-01-15  |i 21089  |l 0  |o DOC 128.6 LIN  |p BO21089  |r 2026-01-15 23:20:43  |w 2026-01-15  |x [Sebina 5] [1 v.]  |y BK  |z 1 v. 
999 |c 16375  |d 16375